Kraje z ustrojem komunistycznym - Statystyki

Ogólne statystyki
  • Ten quiz został rozwiązany 132 razy
  • Średni wynik to 22 z 35
Statystyki odpowiedzi
Lata panowania Kraj % Poprawnych
*1952-1989* Polska Rzeczpospolita Ludowa
99%
1944-1952 Rzeczpospolita Polska
94%
1949- Chińska Republika Ludowa
91%
1948- Koreańska Republika Ludowo-Demokratyczna
89%
1949-1990 Niemiecka Republika Demokratyczna
86%
1959- Republika Kuby
85%
1922-1991 Związek Socjalistycznych Republik Radzieckich
85%
1917-1922 Rosja Radziecka
84%
1945-1963 Federacyjna Ludowa Republika Jugosławii
82%
*1963-1992* Socjalistyczna Federacyjna Republika Jugosławii
82%
*1976- Socjalistyczna Republika Wietnamu
81%
1947-1965 Rumuńska Republika Ludowa
80%
*1965-1989* Socjalistyczna Republika Rumunii
80%
*1960-1990* Czechosłowacka Republika Socjalistyczna
78%
1948-1960 Republika Czechosłowacka
78%
1946-1990 Bułgarska Republika Ludowa
76%
1949-1990 Węgierska Republika Ludowa
75%
1975- Laotańska Republika Ludowo-Demokratyczna
69%
1975-1982 Demokratyczna Kampucza
66%
*1979-1989* Ludowa Republika Kampuczy
66%
1924-1992 Mongolska Republika Ludowa
65%
1944-1976 Albańska Republika Ludowa
61%
*1976-1992* Albańska Socjalistyczna Republika Ludowa
61%
1978-1987 Demokratyczna Republika Afganistanu
46%
*1987-1992* Republika Afganistanu
46%
1975-1992 Angolska Republika Ludowa
40%
1987-1991 Ludowo-Demokratyczna Republika Etiopii
38%
1975-1990 Republika Mozambiku
38%
1969-1991 Demokratyczna Republika Somalii
34%
1969-1992 Ludowa Republika Konga
30%
1967-1990 Ludowo-Demokratyczna Republika Jemenu
22%
1921-1944 Tuwińska Republika Ludowa
17%
1975-1990 Ludowa Republika Beninu
14%
1979-1983 Grenada
11%
1945-1976 Demokratyczna Republika Wietnamu
10%
Nie znaleziono quizów pasujących do podanych kryteriów
Rozkład punktacji
Procent ludzi z każdym wynikiem
Percentyl według liczby udzielonych odpowiedzi
Twoja historia wyników
Nie rozwiązałeś tego quizu